Práce Jaromíra Krejcara = Raboty Jaromíra Krejcara = Arbeiten Jaromír Krejcars : monografie staveb a projektů /
Na minha lista:
| Autor principal: | |
|---|---|
| Formato: | Livro |
| Idioma: | tcheco russo alemão |
| Publicado em: |
Praha :
Nakladatel Václav Petr,
1933
|
| Edição: | 1. vydanie |
| Colecção: | Edice soudobé mezinárodní architektury,
sv. 2. |
| Assuntos: | |
| Tags: |
Sem tags, seja o primeiro a adicionar uma tag!
|
MARC
| LEADER | 00000nam a22000003a 4500 | ||
|---|---|---|---|
| 001 | 0109422 | ||
| 003 | SK-STU | ||
| 005 | 20240520151046.9 | ||
| 007 | ta | ||
| 008 | 240520s ----xo-----e------000-0-----d | ||
| 040 | |a STU |b slo | ||
| 041 | 0 | |a cze |a rus |a ger | |
| 044 | |a xr | ||
| 100 | 1 | |a Teige, Karel |4 aut | |
| 245 | 1 | 0 | |a Práce Jaromíra Krejcara = Raboty Jaromíra Krejcara = Arbeiten Jaromír Krejcars : |b monografie staveb a projektů / |c aut. Karel Teige |
| 250 | |a 1. vydanie | ||
| 260 | |a Praha : |b Nakladatel Václav Petr, |c 1933 | ||
| 300 | |a 208 s. | ||
| 490 | 0 | |a Edice soudobé mezinárodní architektury, |v sv. 2. | |
| 650 | 0 | 7 | |a architekti českí |
| 996 | |b 284AU10003 |c A* 13371/U |l AAKNST |s P |a 0 |w 0109422_0001 | ||